| 000 | 00482nam a2200145Ia 4500 | ||
|---|---|---|---|
| 008 | 220216s9999 xx 000 0 und d | ||
| 100 | _aSekinger J K | ||
| 245 | 4 | _aThe feasibility of using supercritical fluid extraction for the determination of total extractables in styrene-butadiene rubber | |
| 260 |
_bRubber Chemistry and Technology _c1996 |
||
| 300 | _a851-857 | ||
| 650 | _aStyrene-butadiene rubber | ||
| 700 | _aConcienne L H | ||
| 700 | _aGhebremeskel G N | ||
| 942 | _cJS | ||
| 999 |
_c70699 _d70699 |
||